00704nam a2200217Ia 450000500170000000800410001702000150005808200190007310000580009224500870015026000360023726000350027330000120030865000110032065000100033165000130034165000160035494200060037095200950037699900150047120241218020740.0240331s9999 xx 000 0 und d a9068327143 bCRI24599a305 aCritical Reviews and Annotated Bibliographical Series 0aGender, Society and Development :bGender Perspectives on Property and Inheritance aAmsterdambKIT Publishersc2001 aOxfordbOxfam Publishingc2001 a142 p., aGender aWomen aProperty aInheritance cL 001040708LaWERCLbWERCLcSSCd2024-03-31l0o 305 GENp4599r2024-03-31w2024-03-31yL c1417d1417